Urban and regional planning and development in India (Record no. 486580)

000 -LEADER
fixed length control field 00540cam a22001337a 4500
008 - FIXED-LENGTH DATA ELEMENTS--GENERAL INFORMATION
fixed length control field 180718b1996 xxu||||| |||| 00| 0 eng d
082 ## - DEWEY DECIMAL CLASSIFICATION NUMBER
Classification number J7x54 Ur1
245 ## - TITLE STATEMENT
Title Urban and regional planning and development in India
Statement of responsibility, etc. by Town and Country Planning Organisation, Ministry of Urban Affairs and Employment
260 ## - PUBLICATION, DISTRIBUTION, ETC.
Place of publication, distribution, etc. New Delhi
Name of publisher, distributor, etc. The author
Date of publication, distribution, etc. 1996
300 ## - PHYSICAL DESCRIPTION
Extent 347+p.
650 ## - SUBJECT ADDED ENTRY--TOPICAL TERM
Topical term or geographic name entry element Regional planning - India
650 ## - SUBJECT ADDED ENTRY--TOPICAL TERM
Topical term or geographic name entry element City planning - India
700 ## - ADDED ENTRY--PERSONAL NAME
Personal name India. Ministry of Urban Affairs and Employment. Town and Country Planning Organisation
Holdings
Withdrawn status Lost status Damaged status Not for loan Permanent Location Current Location Date acquired Full call number Barcode Date last seen Price effective from Koha item type
        Indian Institute of Public Administration Indian Institute of Public Administration 2018-08-04 J7x54 Ur1 GG22806 2018-08-04 2018-08-04 GG

Powered by Koha